LEADER 01522nam a2200337 a 4500 001 000000133504 003 CaOOAMICUS 005 20130411104857.0 008 130411s2007 it u000 u ita r 020 $a978-88-07-10423-7 040 $aPUL$bita 041 1 $aita$heng 082 04$a320.9 100 1 $aDworkin, Ronald.$0(OLS)http://pul/name/26585 240 10$aIs democracy possible here?.$lItaliano.$0(OLS)http://pul/title/168728 245 13$aLa democrazia possibile :$bprincipi per un nuovo dibattito politico /$cRonald Dworkin ; prefazione di Mario Ricciardi ; traduzione di Lucia Cornalba. 260 $aMilano :$bFeltrinelli,$c©2007. 300 $a164 p. ;$c22 cm. 490 1 $aCampi del sapere/ Feltrinelli 650 4$aDemocrazia$zStati Uniti.$0(OLS)http://pul/subject/39520 700 1 $aCornalba, Lucia.$0(OLS)http://pul/name/85754 700 1 $aRicciardi, Mario.$0(OLS)http://pul/name/67825 830 0$aCampi del sapere (Feltrinelli).$0(OLS)http://pul/title/20268 850 $aPUL 852 $aPUL$W1$xSL Diritto e Scienze Sociali 3$y79$m320. 9 DWORO 1$j153437$qDDC 21$B153003$CPULBib$Z2$F153003 $H122128 $82 941 1 $a9 996 $6020$a978-88-07-10423-7$9(OLS)http://pul/number/152380 996 $6082$a320.9$9(OLS)http://pul/classification/1983 996 $6245$aLa democrazia possibile :$bprincipi per un nuovo dibattito politico$9(OLS)http://pul/title/168729 996 $6260$aMilano :$bFeltrinelli$9(OLS)http://pul/publisher/48846 LEADER 03197nam a2200565 a 4500 001 000000080670 003 CaOOAMICUS 005 20210727165430.0 008 050119m20029999fr u000 u fre u 020 $a2130522815 (v.1) 020 $z978-2-13-057230-5 (v.4)* 020 $a978-2-13-061764-8 (v.7)* 020 $a978-2-13-056906-0 (v.8)* 032 $aLibriCat 035 $a11022782 040 $aPUL$bita$dReb 245 00$aAnnales bergsoniennes /$cF. Azouvi [et al.]. 260 $aParis :$bPresses Universitaire de France,$c2002-2008. 300 $av. ;$c22 cm 490 1 $aEpiméthée 504 $aBibliografia in nota. 505 1 $aV. 1: Bergson dans le siècle. -- V. 4: L'évolution créatrice 1907-2007: epistémologie et métaphysique / èdité et présenté par Anne Fagot-Largeault et Fréderic Worms ; avec Arnaud Francois et Vincent Guillin. -- v. 7: Bergson, la morale, les émotions / Arnaud François [et al.]. -- v.8: Bergson, l'Allemagne, la guerre de 1914 / A. François [et al.] 600 14$aBergson, Henri,$d1859-1941.$0(OLS)http://pul/subject/1597 700 1 $aWorms, Frédéric.$0(OLS)http://pul/name/53788 700 1 $aGuillin, Vincent.$0(OLS)http://pul/name/74395 700 1 $aAzouvi, Franðcois,$d1945-$0(OLS)http://pul/name/64995 700 1 $aFagot-Largeault, Anne.$0(OLS)http://pul/name/74396 700 1 $aFrancois, Arnaud.$0(OLS)http://pul/name/74394 740 02$aBergson dans le siècle. 740 22$aL'évolution créatrice 1907-2007: epistémologie et métaphysique. 740 02$aBergson, l'Allemagne, la guerre de 1914. 740 02$aBergson, la morale, les émotions. 830 0$aEpiméthée.$0(OLS)http://pul/title/13231 850 $aPUL 852 $aPUL$W1$xSL Filosofia 1$y2$m86 P 89.1$j103019$nBK-PRI$qStampati$B103019$CPULBib$Z2$F103019 $HPUL96810 $82 852 $aPUL$W1$xSL Filosofia 1$y2$m86 P 89.4$j136565$nBK-PRI$qStampati$B135570$CPULBib$Z2$F135570 $H112264 $82 852 $aPUL$W1$xSL Filosofia 1$y2$m86 P 89.7$j199007$nBK-PRI$bv. 7$qStampati$B203641$CPULBib$Z2$F203641 $H135069 $82 852 $aPUL$W1$xSL Filosofia 1$y2$m86 P 89.8$j199008$nBK-PRI$bv. 8$qStampati$B203642$CPULBib$Z2$F203642 $H135079 $82 941 1 $a8 996 $6020$a2130522815 (v.1)$9(OLS)http://pul/number/106808 996 $6020$z978-2-13-057230-5 (v.4)*$9(OLS)http://pul/number/142917 996 $6020$a978-2-13-061764-8 (v.7)*$9(OLS)http://pul/number/168309 996 $6020$a978-2-13-056906-0 (v.8)*$9(OLS)http://pul/number/168310 996 $6245$aAnnales bergsoniennes$9(OLS)http://pul/title/105625 996 $6740$aBergson dans le siècle$9(OLS)http://pul/title/216007 996 $6740$aL'évolution créatrice 1907-2007: epistémologie et métaphysique$9(OLS)http://pul/title/216008 996 $6740$aBergson, l'Allemagne, la guerre de 1914$9(OLS)http://pul/title/216010 996 $6740$aBergson, la morale, les émotions$9(OLS)http://pul/title/216009 996 $6260$aParis :$bPresses Universitaire de France$9(OLS)http://pul/publisher/65860